01880nam a2200373 i 4500003000500000005001700005008004100022020001800063040002500081050002800106100003600134245004600170264003900216300002700255336002100282337002500303338002300328490003700351520065300388650003101041650002901072650002401101650004101125650002101166650002201187650002101209650002401230650003201254650002201286650002101308942004201329952011801371999001701489CSPC20250207134031.0250206s2005 nyu 000 0 eng d a9780553582024 cCSPCaCSPCbengerda04aPS3563.A7239 bF43 20111 aMartin, George R. R., eauthor.12aA feast for crows /cGeorge R.R. Martin.  1aNew York : bBantam Books, c2005. a1060 pages ; c18 cm.  atext2rdacontent aunmediated2rdamedia avolume2rdacarrier aA song of ice and fire ;vbook 4 aAfter centuries of strife, the seven powers dividing the land have worn themselves down into a stalemate. The monstrous King Joffrey is dead, and the Northern rebels are scattered. Into this blasted peace, however, come the scavengers, outlaws and renegades, who have been waiting to pick over the remnants. Daring new plots and alliances are formed, and personalities new and old have emerged from the struggle to take up new positions. It is a time for nobles and commoners, soldiers and sorcerers, assassins and sages to come together and stake their fortunes ... and their lives. They must gather the skills, power, and magic needed to prevail. 4aImaginary placesvFiction. 4aGood and evil vFiction. 4aParanormal fiction. 4aImaginary wars and battlesvFiction. 4aPeace vFiction. 4aOutlawsvFiction. 4aMagic vFiction. 4aMonarchy vFiction. 4aKings and rulers vFiction. 4aWinter vFiction. 4aFantasy fiction. 2ddcn0cBKh813.54 iM363fkFICm2005 00102ddc4070aCSPCbCSPCcFICd2025-02-06l0oFIC M363f 2005p028939r2025-02-06 11:00:19t1-1w2025-02-06yBK c28749d28749